006050000a2200181000450024500860000065000160008665000180010265000320012065000240015265000230017665100130019965300480021204100140026070000270027470000310030110000210033277300700035310aSobre la presencia de Cyttarops alecto () en Colombia14aMamíferos14aMurciélagos14aDistribución geográfica14aMorfología animal14aTaxonomía animal 4pColombia fEmballonuridaegCyttaropseCyttarops alecto0 aEspañol1 aSoriano M., Pascual J.1 aFernández Camacho, Jorge1 aOchoa G., José1 tTrianea: Acta Científica y Tecnológica3159h5q411-414d1994